| 000 | 00833nam a2200253 i 4500 | ||
|---|---|---|---|
| 001 | bg | ||
| 100 | 1 | _aBRAZIL, David | |
| 245 | 1 | 0 |
_aPronunciation for advanced learners of English : _bstudent's book / _cDavid Brazil. |
| 260 |
_aCambridge : _bCambridge University Press, _c2004. |
||
| 300 |
_a151 s. : _brys. ; _c25 cm. |
||
| 650 | 9 |
_aJęzyk angielski _xwymowa |
|
| 650 | 9 |
_aJęzyk angielski _xwymowa _xnauczanie |
|
| 655 | _aĆwiczenia i zadania | ||
| 020 | _a0521387981 (Student's book) | ||
| 020 | _a0521384206 (Set of 2 cassettes) | ||
| 040 | _cBPK | ||
| 041 | 0 | _aeng | |
| 080 | _a811.111'355(07) | ||
| 920 | _a0-521-38798-1 (Student's book) | ||
| 920 | _a0-521-38420-6 (Set of 2 cassettes) | ||
| 942 | _cKS | ||
| 008 | s pl f |000 0 pol | ||
| 999 |
_c45757 _d45757 |
||